Vývoj a zhodnotenie účtovníctva podnikov a spoločností v nadväznosti na vývoj čsl. daňovej sústavy. 4.

Pokračovanie obšírneho historického a hodnotiaceho článku. Obdobie od roku 1966 do roku 1971. Hrubý dôchodok ako základ hmotnej zainteresovanosti podnikov. Odvody do štátneho rozpočtu. Prehľad hlavných nedostatkov systému platného v tomto období. Spôsob, akým podniky reagovali v praxi v porovnaní s...

Full description

Saved in:
Bibliographic Details
Main Author: Masaryk, A.
Format: Book Chapter
Language:Slovak
Subjects:
Tags: Add Tag
No Tags, Be the first to tag this record!

MARC

LEADER 00000naa a2200000 4500
001 r012150
005 20220826095040.3
041 0 |a slo 
044 |a CZ 
245 1 0 |a Vývoj a zhodnotenie účtovníctva podnikov a spoločností v nadväznosti na vývoj čsl. daňovej sústavy. 4.  |c A. Masaryk 
520 |a Pokračovanie obšírneho historického a hodnotiaceho článku. Obdobie od roku 1966 do roku 1971. Hrubý dôchodok ako základ hmotnej zainteresovanosti podnikov. Odvody do štátneho rozpočtu. Prehľad hlavných nedostatkov systému platného v tomto období. Spôsob, akým podniky reagovali v praxi v porovnaní s pôvodne zamýšľanými cieľmi. 
610 2 0 |a účtovníctvo 
610 2 0 |a ČSFR 
610 2 0 |a sústava daňová 
610 2 0 |a 1966-1971 
610 2 0 |a podnik 
610 2 0 |a odvody podnikové 
610 2 0 |a dane podnikové 
610 2 0 |a osnova účtová 
100 1 |a Masaryk, A.